书目信息 |
| 题名: |
文化类公共建筑无障碍设计教程
|
|
| 作者: | 梁献超 , 韩颖 主编 | |
| 分册: | ||
| 出版信息: | 北京 化学工业出版社 2021.07 |
|
| 页数: | 143页 | |
| 开本: | 26cm | |
| 丛书名: | ||
| 单 册: | ||
| 中图分类: | TU242 | |
| 科图分类: | ||
| 主题词: | 文化建筑--建筑设计--高等学校--教材 , 公共建筑--建筑设计--高等学校--教材 | |
| 电子资源: | ||
| ISBN: | 978-7-122-39232-9 | |
| 000 | 01220nam0 2200277 450 | |
| 001 | 011438422 | |
| 005 | 20211026142004.0 | |
| 010 | @a978-7-122-39232-9@dCNY59.00 | |
| 100 | @a20211013d2021 em y0chiy0120 ea | |
| 101 | 0 | @achi |
| 102 | @aCN@b110000 | |
| 105 | @aa z 000yy | |
| 106 | @ar | |
| 200 | 1 | @a文化类公共建筑无障碍设计教程@9wen hua lei gong gong jian zhu wu zhang ai she ji jiao cheng@dBarrier-free design for cultural public buildings@f梁献超,韩颖主编@zeng |
| 210 | @a北京@c化学工业出版社@d2021.07 | |
| 215 | @a143页@c图@d26cm | |
| 300 | @a普通高等学校建筑学专业规划教材 | |
| 330 | @a本书在兼顾一般性公共建筑无障碍通用设计要素的同时,通过重点讲述文化类公共建筑中展示、操作、交流、导向标识等无障碍设计的要素与方法。全书分别介绍了公共建筑无障碍环境建设发展历程和国内存在的相关问题,无障碍设计要素、现状分析、设计方法、法规与实践以及无障碍环境设计实验等内容。 | |
| 510 | 1 | @aBarrier-free design for cultural public buildings@zeng |
| 606 | 0 | @a文化建筑@x建筑设计@x高等学校@j教材 |
| 606 | 0 | @a公共建筑@x建筑设计@x高等学校@j教材 |
| 690 | @aTU242@v5 | |
| 701 | 0 | @a梁献超@9liang xian chao@4主编 |
| 701 | 0 | @a韩颖@9han ying@4主编 |
| 801 | 0 | @aCN@b人天书店@c20200616 |
| 905 | @aTSG@dTU242@eL415@f2 | |
| 文化类公共建筑无障碍设计教程=Barrier-free design for cultural public buildings/梁献超,韩颖主编.-北京:化学工业出版社,2021.07 |
| 143页:图;26cm |
| 普通高等学校建筑学专业规划教材 |
| ISBN 978-7-122-39232-9:CNY59.00 |
| 本书在兼顾一般性公共建筑无障碍通用设计要素的同时,通过重点讲述文化类公共建筑中展示、操作、交流、导向标识等无障碍设计的要素与方法。全书分别介绍了公共建筑无障碍环境建设发展历程和国内存在的相关问题,无障碍设计要素、现状分析、设计方法、法规与实践以及无障碍环境设计实验等内容。 |
| ● |
| 相关链接 |
|
|
|
正题名:文化类公共建筑无障碍设计教程
索取号:TU242/L415
 
预约/预借
| 序号 | 登录号 | 条形码 | 馆藏地/架位号 | 状态 | 备注 |
| 1 | 1550364 | 215503649 | 建筑库101/101建筑库 66排6列4层/ [索取号:TU242/L415] | 在馆 | |
| 2 | 1550365 | 215503658 | 建筑库101/101建筑库 66排6列4层/ [索取号:TU242/L415] | 在馆 |